000 00311nam a2200121Ia 4500
008 190216s9999||||xx |||||||||||||| ||und||
100 _aOscar Knefler Rice
245 0 _aStatistical Mechanics Thermodynamics And Kinetics
260 _bEurasia Pub-Ltd
_c1967
300 _a556p
650 _aPhysics
942 _cBK
999 _c33045
_d33045